| 000 | nam a22 a 4500 | ||
|---|---|---|---|
| 999 |
_c479 _d479 |
||
| 005 | 20170504092940.0 | ||
| 008 | 170504b1982 - ||||| |||| 00| 0 eng d | ||
| 020 | _a0818504625 | ||
| 040 | _aAKMAL | ||
| 082 | _a153 REE | ||
| 090 |
_a153 _bREE |
||
| 245 |
_aCOGNITION _bTheory and Applications _cStephen K.Reed |
||
| 260 |
_aUnited States of America _bWadsworth Inc. _c1982 |
||
| 300 |
_axiii, 394 p. _ccm |
||
| 500 | _aIncludes Index | ||
| 504 | _aBibliography: p. 366-382 | ||
| 650 |
_aCognition _91102 |
||
| 650 |
_aHuman Information Processing _91076 |
||
| 650 |
_aLearning Psychology of Problem Solving _91103 |
||
| 942 |
_2ddc _cBOOK |
||